Retazos periodísticos (Record no. 186645)

MARC details
000 -LEADER
campo de control de longitud fija 00660nam a2200193 i 4500
001 - NÚMERO DE CONTROL
campo de control 186645
003 - IDENTIFICADOR DE NÚMERO DE CONTROL
campo de control ES-MaACL
005 - FECHA Y HORA DE LA ÚLTIMA TRANSACCIÓN
campo de control 20250811145628.0
008 - DATOS DE LONGITUD FIJA--INFORMACIÓN GENERAL
campo de control de longitud fija 161216s1966 sp |||| | spa d
100 1# - ENTRADA PRINCIPAL--NOMBRE DE PERSONA
Nombre de persona Jara Carrillo, Pedro,
Fechas asociadas al nombre 1878-1927
9 (RLIN) 66091
245 10 - MENCIÓN DEL TÍTULO
Título Retazos periodísticos
Resto del título : (prosa y verso) / Pedro Jara Carrillo ; dibujo portada, Muñoz Barberán.
260 ## - PUBLICACIÓN, DISTRIBUCIÓN, ETC.
Lugar de publicación, distribución, etc. [Murcia :
Nombre del editor, distribuidor, etc. Sucesores de Nogués,
Fecha de publicación, distribución, etc. 1966]
300 ## - DESCRIPCIÓN FÍSICA
Extensión 341 p. ;
Dimensiones 21.
490 1# - MENCIÓN DE SERIE
Mención de serie Obras completas ;
Designación de volumen o secuencia 8
700 1# - ENTRADA AGREGADA--NOMBRE PERSONAL
Nombre de persona Muñoz Barberán, Manuel,
Fechas asociadas al nombre 1921-2007
9 (RLIN) 84358
830 0# - PUNTO DE ACCESO ADICIONAL DE SERIE-TÍTULO UNIFORME
Título uniforme Obras completas ;
Designación de volumen o secuencia 8
9 (RLIN) 176447
852 ## - LOCALIZACIÓN
Ubicación ES-MaACL
Número de control de estantería G-6801
Holdings
Estatus retirado Estado de pérdida Estado de daño No para préstamo Biblioteca de origen Biblioteca actual Ubicación en estantería Fecha de adquisición Fuente de adquisición Total de préstamos Signatura topográfica completa Código de barras Visto por última vez Precio de reemplazo Tipo de ítem Koha
        Biblioteca del Ateneo de Madrid Biblioteca del Ateneo de Madrid Depósito 2 16/12/2016     G-6801 1196831 23/02/2023 23/02/2023 Libro impreso